000 00848nam a2200217Ii 4500
003 JO-AjNU
008 230605s9999||||xx |||||||||||||| ||und||
017 _a2021/11/5014
020 _a978-9957-94-651-9
040 _aJO-AjNU
_bara
_erda
_cJO-AjNU
041 _aara
050 1 4 _aZ6951. F65.W39 2021
100 3 _aوزارة الثقافة/الاردن ,
_eauthor
_962381
245 0 0 _aمكنز التراث الشعبي الاردني: العادات والتقاليد في المجتمع الأردني، مج1
264 3 1 _aعمان: وزارة الثقافه، 2021
300 _aمج1: 141ص
336 _atext
_btxt
_2rdacontent
337 _aunmediated
_bn
_2rdamedia
338 _avolume
_bnc
_2rdacarrier
650 4 _aالمكانز احادية لغة- معاجم المفرادات- التراث الشعبي-الأردن
_962382
999 _aA28245
_c31813
_d31813